00390pab a2200133 454500008004000000100002700040245005400067260000900121300001500130362001700145650003800162650002200200773003400222180718b1997 xxu||||| |||| 00| 0 eng d aSonowal, Chandra Jyoti aForest villages in Assam: continued ghettoisation c1997 ap.2441-443 a27 Sep-3 Oct aForest management - India - Assam aForest management aEconomic and Political Weekly